000 00505nam a2200217Ia 4500
003 0100
008 130227s9999 xx 000 0 und d
020 _a0333367855
040 _cARRUPELIB
050 _aJC329.5.H67 1992
100 _aHorton, John P.
245 _aPolitical obligations
260 _aBasingstroke
260 _bPalgrave
260 _C1992
300 _axii
300 _b 189p 22cm
440 _aIssues in political theory
650 _bPhilosophy- History
942 _2lcc
_01
999 _c2444
_d2444